| 000 | 00668nam a2200217 i 4500 | ||
|---|---|---|---|
| 001 | 75923 | ||
| 003 | ES-MaACL | ||
| 005 | 20250808062530.0 | ||
| 007 | t| | ||
| 008 | 040928s1955 sp |||| | spa d | ||
| 100 | 1 |
_aGuardini, Romano. _960319 |
|
| 245 | 1 | 0 |
_aCartas sobre autoformación / _cRomano Guardini ; versión española de G. Termenón Solís. |
| 260 |
_aSan Sebastián : _bDinor, _c1955 ( _eZarauz : _fIcharopena) |
||
| 300 |
_a219 p. ; _c19 cm. |
||
| 490 | 1 | _aPrisma | |
| 650 | 0 | 7 |
_aVida cristiana _2embne _917790 |
| 700 | 1 |
_aTermenón Solís, G. _9109747 |
|
| 830 | 0 | 0 |
_aPrisma _9180749 |
| 852 |
_aES-MaACL _jC-9838 |
||
| 999 |
_c75923 _d75923 |
||